00952 2200325 4500001002100000005001500021035002000036007000300056040001700059245007200076250001700148300003500165020001800200041000800218082001000226084001600236090001900252264006000271336002100331337003000352338002300382650001300405700003800418700004900456850001000505008004100515500002500556504003000581990001500611INLIS00000000000859220260518030751 a0010-0922001081ta aSBPUPADbind aOnkologi Ginekologi :bBuku Acuan Nasional /cEditor, M. Farid Aziz a.-ed.1.cet.2 axvi, 768 hlm :bilus. ;c24 cm a979-8150-23-607aind a617.1 a617.1 ONK o a530 BAS u 16-3 a.--Jakarta :bBina Pustaka Sarwono Prawirahardjo,c2010 2rdacontentateks 2rdamediaatanpa perantara 2rdacarrieravolume 4aOnkologi0 aEditor ke-2, AndrijonoePengarang0 aEditor ke-3, Abdul Bari SaifuddinePengarang aPUPAD260518 0  aIndeks, hlm. 746-748 aBibliografi, hlm. 753-768 a659/B/2013